00326nam a2200145Ia 4500008004000000041000800040082001200048100000600060245002800066260004600094650001100140650001600151650000700167650000600174210210b1952 xxu||||| |||| 00| 0 eng d aeng a824/289 a- aShakespeare survey No 5 aCambridgebAt the University Press.c1952 asurvey aShakespeare aNo a5